Top 10 most expensive French players - Statistics

General Stats
  • This quiz has been taken 64 times
    4 since last reset
  • The average score is 7 of 10
Answer Stats
Hint Answer % Correct
3 Antoine Griezmann
100%
8 Aurelien Tchouameni
100%
1 Kylian Mbappe
100%
2 Ousmane Dembele
100%
4 Paul Pogba
100%
9 Lucas Hernandez
50%
6 Randal Kolo Muani
50%
10 Zinedine Zidane
50%
5 Hugo Ekitike
0%
7 Wesley Fofana
0%
No matching quizzes found
Score Distribution
Percent of People with Each Score
Percentile by Number Answered
Your Score History
You have not taken this quiz since the last reset